| 000 | 00625nam a22002057a 4500 | ||
|---|---|---|---|
| 999 |
_c15982 _d15982 |
||
| 003 | AR-CdUCM | ||
| 008 | 190329b ||||| |||| 00| 0 spa d | ||
| 040 |
_aMUNICIPALIDAD PROVINCIAL DEL CUSCO _cBIBLIOTECA MUNICIPAL DEL CUSCO |
||
| 082 |
_a800 / _bB31 |
||
| 100 |
_aBecquer, Gustavo Adolfo _96464 |
||
| 245 | _aRimas y leyendas / | ||
| 260 |
_aMéxico D.F. : _bMexicanos unidos, _c1963. |
||
| 300 |
_a150 paginas ; _c18 cm. |
||
| 505 | _aContenido : Rimas y leyendas. | ||
| 650 |
_aLiteratura peruana. _9169 |
||
| 650 |
_aRimas. _925891 |
||
| 650 |
_aLeyendas. _92226 |
||
| 942 |
_2ddc _cLIBROS |
||
| 945 |
_awnts _d2019-04-30 |
||